000 00403nam a22001697a 4500
003 MPLRDC
005 20220104124854.0
008 210129b ||||| |||| 00| 0 eng d
082 _a857.7 HQF
100 _a黄秋芳
245 _a小乖乖的茉莉茶
_c
260 _a
_b小说创作杂志社
_c
300 _b
490 _a开端文丛. 8
650 _a长篇小说
942 _cBK
_o857.7 HQF
999 _c22829
_d22819